| 000 | 005830000a22001810004500 | ||
|---|---|---|---|
| 003 | MACL | ||
| 005 | 20160120134921.0 | ||
| 008 | 160120b xxu||||| |||| 00| 0 eng d | ||
| 040 |
_aMACL _cMACL |
||
| 041 | _aHindi | ||
| 082 | _a320/FAD | ||
| 100 |
_aडॉ बी एल फडिृया _933645 |
||
| 245 | _aअन्तर्राष्ट्रीय राजनीति | ||
| 260 |
_bसाहित्य भवन पब्लिकेशन्स _c2002 _aआगरा |
||
| 350 | _a250 | ||
| 650 |
_aPolitical Science _933646 |
||
| 942 |
_cHIN _k320 _2ddc |
||
| 999 |
_c30844 _d30844 |
||